000 00616nam a2200205 a 4500
001 000012680
005 20240530073915.0
008 091116s1994 dr 001 f spa d
040 _aDO-SdBNP
_bspa
_cBNPHU
082 _aRD863.44
_bP438c, 1994
100 1 _aPérez, Fernando,
_d1951-
_929296
245 1 0 _aCarcel para dos inocentes /
_cFernando Pérez.
250 _a2a ed.
260 _aSanto Domingo :
_bTaller,
_c1994.
300 _a85 p. ;
_c21 cm.
590 _aInventariado, 2019/VM
650 0 _aNovela dominicana
_9223
650 0 _aLiteratura dominicana.
_967
910 _aValidado. Control de calidad MFF
999 _c12331
_d12331